International law / (Record no. 5893)

MARC details
000 -LEADER
fixed length control field 02960cam a2200421 a 4500
001 - CONTROL NUMBER
control field ocm46694779
003 - CONTROL NUMBER IDENTIFIER
control field OCoLC
005 - DATE AND TIME OF LATEST TRANSACTION
control field 20200901224748.0
008 - FIXED-LENGTH DATA ELEMENTS--GENERAL INFORMATION
fixed length control field 010726s2001 enk b 001 0 eng
010 ## - LIBRARY OF CONGRESS CONTROL NUMBER
LC control number 2001036907
015 ## - NATIONAL BIBLIOGRAPHY NUMBER
National bibliography number GBA1Y2817
Source bnb
020 ## - INTERNATIONAL STANDARD BOOK NUMBER
International Standard Book Number 0198299982
020 ## - INTERNATIONAL STANDARD BOOK NUMBER
International Standard Book Number 9780198299981
035 ## - SYSTEM CONTROL NUMBER
System control number (OCoLC)46694779
Canceled/invalid control number (OCoLC)47746413
040 ## - CATALOGING SOURCE
Original cataloging agency DLC
Language of cataloging eng
Transcribing agency TZ-ArACH
049 ## - LOCAL HOLDINGS (OCLC)
Holding library TZAA
050 00 - LIBRARY OF CONGRESS CALL NUMBER
Classification number KZ3395
Item number .C25 2001
100 1# - MAIN ENTRY--PERSONAL NAME
Personal name Cassese, Antonio.
245 10 - TITLE STATEMENT
Title International law /
Statement of responsibility, etc Antonio Cassese.
260 ## - PUBLICATION, DISTRIBUTION, ETC. (IMPRINT)
Place of publication, distribution, etc Oxford ;
-- New York :
Name of publisher, distributor, etc Oxford University Press,
Date of publication, distribution, etc 2001.
300 ## - PHYSICAL DESCRIPTION
Extent xvii, 469 pages ;
Dimensions 25 cm
504 ## - BIBLIOGRAPHY, ETC. NOTE
Bibliography, etc Includes bibliographical references (pages 419-454) and index.
505 0# - FORMATTED CONTENTS NOTE
Formatted contents note pt. I. Origins and foundations of the international community. The main legal features of the international community ; The historical evolution of the international community ; States as the primary subjects of international law ; Other international legal subjects ; The fundamental principles governing international relations -- pt. II. Creation and enforcement of international legal standards. International lawmaking: custom and treaties ; International lawmaking: other law-creating processes ; Implementation of international rules within national systems ; State responsibility ; Mechanisms for promoting compliance with international rules and pursuing the prevention or settlement of disputes ; Enforcement in the case of violations by states ; Enforcement in the case of violations by individuals -- pt. III. Contemporary issues in international law. The role of the United Nations ; Collective security and the prohibition of force ; Legal restraints on violence in armed conflict ; Protection of human rights ; Protection of the environment ; Legal attempts at narrowing the gap between North and South.
520 ## - SUMMARY, ETC.
Summary, etc This title covers major topics, providing a background to the history of international law whilst exploring developments in the field. Written specially for the student, this text covers all subjects found on an introductory course.
650 #0 - SUBJECT ADDED ENTRY--TOPICAL TERM
Topical term or geographic name as entry element International law.
650 #6 - SUBJECT ADDED ENTRY--TOPICAL TERM
Topical term or geographic name as entry element Droit international.
650 #7 - SUBJECT ADDED ENTRY--TOPICAL TERM
Topical term or geographic name as entry element International law.
Source of heading or term fast
650 #7 - SUBJECT ADDED ENTRY--TOPICAL TERM
Topical term or geographic name as entry element V�olkerrecht
Source of heading or term gnd
650 17 - SUBJECT ADDED ENTRY--TOPICAL TERM
Topical term or geographic name as entry element Volkenrecht.
Source of heading or term gtt
650 #7 - SUBJECT ADDED ENTRY--TOPICAL TERM
Topical term or geographic name as entry element Droit international.
Source of heading or term ram
776 08 - ADDITIONAL PHYSICAL FORM ENTRY
Display text Online version:
Main entry heading Cassese, Antonio.
Title International law.
Place, publisher, and date of publication Oxford ; New York : Oxford University Press, 2001
Record control number (OCoLC)606609714
856 41 - ELECTRONIC LOCATION AND ACCESS
Materials specified Table of contents
Uniform Resource Identifier <a href="http://catdir.loc.gov/catdir/enhancements/fy0635/2001036907-t.html">http://catdir.loc.gov/catdir/enhancements/fy0635/2001036907-t.html</a>
856 41 - ELECTRONIC LOCATION AND ACCESS
Uniform Resource Identifier <a href="http://www.oup.com/uk/best.textbooks/law/cassese">http://www.oup.com/uk/best.textbooks/law/cassese</a>
856 42 - ELECTRONIC LOCATION AND ACCESS
Materials specified Contributor biographical information
Uniform Resource Identifier <a href="http://catdir.loc.gov/catdir/enhancements/fy0723/2001036907-b.html">http://catdir.loc.gov/catdir/enhancements/fy0723/2001036907-b.html</a>
856 42 - ELECTRONIC LOCATION AND ACCESS
Materials specified Publisher description
Uniform Resource Identifier <a href="http://catdir.loc.gov/catdir/enhancements/fy0635/2001036907-d.html">http://catdir.loc.gov/catdir/enhancements/fy0635/2001036907-d.html</a>
856 41 - ELECTRONIC LOCATION AND ACCESS
Uniform Resource Identifier <a href="http://ukcatalogue.oup.com/product/9780199259397.do">http://ukcatalogue.oup.com/product/9780199259397.do</a>
Public note Full text
942 ## - ADDED ENTRY ELEMENTS (KOHA)
Source of classification or shelving scheme Library of Congress Classification
Koha item type Books
Holdings
Home library Current library Date acquired Full call number Barcode Koha item type Public note
African Court on Human and Peoples' Rights Library African Court on Human and Peoples' Rights Library 01/09/2020 KZ3395 .C25 2001 10203168 Books Donation by the International Law Book Foundation (ILBF)

African Court on Human and Peoples' Rights | For Inquiries Contact » +255 272 510 510